Les matchs de préparations de l'Equipe de France à la Coupe du monde - Statistiques

Statistiques générales
  • Ce quiz a été pris 94 fois
  • Le résultat moyen est 15 sur 24
Statistiques - réponses
Date Adversaire Score % Correct
2018 Italie 3-1
94%
2018 Etats-Unis A venir
90%
2018 Irlande 2-0
89%
2006 Chine 3-1
81%
2010 Chine 0-1
81%
1998 Belgique 1-0
79%
2002 Belgique 1-2
79%
2014 Norvège 4-0
73%
1998 Maroc 2-2
69%
2002 Corée du Sud 3-2
66%
2006 Danemark 2-0
63%
2014 Jamaïque 8-0
63%
1934 Pays-Bas 5-4
63%
1958 Suisse 0-0
63%
1978 Tunisie 2-0
63%
2010 Tunisie 1-1
63%
1986 Mexique 1-1
60%
2006 Mexique 1-0
60%
1998 Finlande 1-0
53%
2014 Paraguay 1-1
50%
2010 Costa Rica 2-1
49%
1982 Pays de Galles 0-1
29%
1978 Iran 2-1
25%
1986 Guatemala 8-1
6%
Aucun quiz correspondant
Distribution des résultats
% des personnes avec chaque résultat
Percentile par nombre de réponses
Votre historique - résultats
Vous n’avez pas pris ce quiz